00328nam a2200121Ia 4500008004100000082002000041100001700061245004400078250000800122260004900130300001000179650001700189150201s2011 xx 000 0 und d a617.525bM2011B aBENNETT,C.R. aMONHEMS LOCAL ANESTHESIA & PAIN CONTROL a7TH bC.B.S PUBLISHERS & DISTRIBUTERSaDELHIc2011 a1-404 aORAL SURGERY